Society and Culture: (Record no. 356034)
[ view plain ]
| 000 -LEADER | |
|---|---|
| fixed length control field | 00379nam a2200109Ia 4500 |
| 008 - FIXED-LENGTH DATA ELEMENTS--GENERAL INFORMATION | |
| fixed length control field | 180305s9999 xx 000 0 und d |
| 020 ## - INTERNATIONAL STANDARD BOOK NUMBER | |
| International Standard Book Number | 9711110431 |
| 100 ## - MAIN ENTRY--PERSONAL NAME | |
| Personal name | Panopio, Isabel S. |
| 245 ## - TITLE STATEMENT | |
| Statement of responsibility, etc | Isabel S. Panopio, Realidad santico Rolda |
| Title | Society and Culture: |
| Remainder of title | Introduction to Sociology and Anthropology/ |
| 260 ## - PUBLICATION, DISTRIBUTION, ETC. (IMPRINT) | |
| Place of publication, distribution, etc | Quezon City : |
| Name of publisher, distributor, etc | JMC Press, INC |
| Date of publication, distribution, etc | 2003 |
| 300 ## - PHYSICAL DESCRIPTION | |
| Extent | iii,418 pages |
| Withdrawn status | Lost status | Source of classification or shelving scheme | Damaged status | Home library | Current library | Shelving location | Date acquired | Source of acquisition | Total Checkouts | Total Renewals | Full call number | Barcode | Date last seen | Date checked out | Price effective from | Koha item type |
|---|---|---|---|---|---|---|---|---|---|---|---|---|---|---|---|---|
| Library of Congress Classification | Archives | Archives | 03/05/2018 | Donation | 2 | 10 | HN 713.5 .P195 2000 | C21284 | 10/01/2018 | 08/02/2018 | 03/05/2018 | Books |